| 000 | 00518nam a22001457a 4500 | ||
|---|---|---|---|
| 003 | macl | ||
| 005 | 20180415121943.0 | ||
| 008 | 180415b xxu||||| |||| 00| 0 eng d | ||
| 040 | _cmacl | ||
| 100 |
_aडॉ. नागेश्वर प्रसाद _972014 |
||
| 245 | _aश्री राम कथा प्रश्नाेन्तरी | ||
| 260 |
_aदिल्ली _bविद्यापीठ प्रब्लिकेशन _c2016 |
||
| 650 |
_aधर्म _972015 |
||
| 942 |
_2ddc _cHIN |
||
| 999 |
_c57713 _d57713 |
||